000 00554nam a2200181Ia 4500
005 20250508162041.0
008 008 250505s9999 xx 000 0 eng d
037 _aTextual
040 _aFEDL
_beng
_cFEDL
041 _aeng
_2eng
084 _a373.1254, ROS
_qFEDL
100 _aRosenbaum James E
_9268880
245 0 _aMaking inequality : The hidden curriculum of high school tracking
260 _aNew York, USA
_bJohn Wiley and Sons
_c1976
300 _axviii,238p.
942 _cTEXL
_h373.1254, ROS
999 _c1374071
_d1374071